| 000 | 01935cam a2200349 a 4500 | ||
|---|---|---|---|
| 999 |
_c28025 _d28025 |
||
| 001 | 16465747 | ||
| 003 | OSt | ||
| 005 | 20170213120658.0 | ||
| 008 | 100917s2011 cauab b 001 0 eng c | ||
| 010 | _a 2010039800 | ||
| 020 | _a9780804770187 (cloth : alk. paper) | ||
| 040 |
_aCSt/DLC _cDLC _dDLC |
||
| 042 | _apcc | ||
| 043 | _ae-fr--- | ||
| 050 | 0 | 0 |
_aN9165.F8 _bK37 2011 |
| 082 | 0 | 0 |
_a363.6/9094409044 _222 |
| 100 | 1 | _aKarlsgodt, Elizabeth Campbell. | |
| 245 | 1 | 0 |
_aDefending national treasures : _bFrench art and heritage under Vichy / _cElizabeth Campbell Karlsgodt. |
| 260 |
_aStanford, Calif. : _bStanford University Press, _c2011. |
||
| 300 |
_axv, 382 p. : _bill. (some col.), map ; _c24 cm. |
||
| 504 | _aIncludes bibliographical references and index. | ||
| 505 | 0 | _aCultural affairs under Vichy -- Defending French style and beauty -- Exodus -- Museums fit for France -- Saving historic sites -- Archeology and the national revolution -- Recycling French heroes : the destruction of bronze statues -- Endangered local patrimony : bronze statues in Paris, Chambéry, and Nantes -- Jewish art collections -- Art as a negotiating tool -- The Vichy legacy. | |
| 650 | 0 |
_aArt treasures in war _zFrance _xHistory _y20th century. |
|
| 650 | 0 |
_aArt museums _zFrance _xHistory _y20th century. |
|
| 650 | 0 |
_aArt and state _zFrance _xHistory _y20th century. |
|
| 650 | 0 |
_aWorld War, 1939-1945 _xDestruction and pillage _zFrance. |
|
| 650 | 0 |
_aWorld War, 1939-1945 _xConfiscations and contributions _zFrance. |
|
| 650 | 0 |
_aCultural property _xProtection _zFrance _xHistory _y20th century. |
|
| 651 | 0 |
_aFrance _xHistory _yGerman occupation, 1940-1945. |
|
| 906 |
_a7 _bcbc _corignew _d1 _eecip _f20 _gy-gencatlg |
||
| 942 |
_2lcc _cBOOKS _hN 9165 .F8K37 2011 |
||